Online katalóg knižníc regiónu Turca

Metlobal priebehu vekov (Record no. 21981)

MARC details
000 -LEADER
fixed length control field 01255nam a2200373 a 4500
001 - CONTROL NUMBER
control field 21981
003 - CONTROL NUMBER IDENTIFIER
control field VRT
005 - DATE AND TIME OF LATEST TRANSACTION
control field 20260317084820.0
008 - FIXED-LENGTH DATA ELEMENTS--GENERAL INFORMATION
fixed length control field 020527s2001 xo a g 000 0 slo c
020 ## - INTERNATIONAL STANDARD BOOK NUMBER
International Standard Book Number 8055102511 (viaz.)
035 ## - SYSTEM CONTROL NUMBER
System control number UKB000310084
039 #9 - LEVEL OF BIBLIOGRAPHIC CONTROL AND CODING DETAIL [OBSOLETE]
Level of rules in bibliographic description 201305131035
Level of effort used to assign nonsubject heading access points gluc
040 ## - CATALOGING SOURCE
Original cataloging agency BAA001
Language of cataloging slo
Transcribing agency BAA001
Description conventions AACR2
041 1# - LANGUAGE CODE
Language code of text/sound track or separate title slo
Language code of original eng
044 ## - COUNTRY OF PUBLISHING/PRODUCING ENTITY CODE
MARC country code xo
ISO country code SK
080 ## - UNIVERSAL DECIMAL CLASSIFICATION NUMBER
Universal Decimal Classification number 001.98(09):796
080 ## - UNIVERSAL DECIMAL CLASSIFICATION NUMBER
Universal Decimal Classification number 159.961.4(08):796
080 ## - UNIVERSAL DECIMAL CLASSIFICATION NUMBER
Universal Decimal Classification number 291.33(08):796
100 1# - MAIN ENTRY--PERSONAL NAME
Personal name Rowling, J. K.
Fuller form of name (Joanne Kathleen),
Dates associated with a name 1965-
Relationship ill
245 10 - TITLE STATEMENT
Title Metlobal priebehu vekov
Statement of responsibility, etc. Kennilworthy Whisp ; [ilustrácie J.K. Rowlingová ; z anglického originálu preložil Martin Kasarda]
260 ## - PUBLICATION, DISTRIBUTION, ETC.
Place of publication, distribution, etc. Bratislava
Name of publisher, distributor, etc. Ikar
Date of publication, distribution, etc. 2001
300 ## - PHYSICAL DESCRIPTION
Extent 71 s.
500 ## - GENERAL NOTE
General note Kennilworthy Whisp je fiktívny autor, skutočnou autorkou je J.K. Rowlingová
650 07 - SUBJECT ADDED ENTRY--TOPICAL TERM
Topical term or geographic name entry element metlobal
General subdivision šport čarodejnikov
-- dejiny
653 ## - INDEX TERM--UNCONTROLLED
Uncontrolled term 001.98(09):796
653 ## - INDEX TERM--UNCONTROLLED
Uncontrolled term 159.961.4(08):796
653 ## - INDEX TERM--UNCONTROLLED
Uncontrolled term 291.33(08):796
700 1# - ADDED ENTRY--PERSONAL NAME
Personal name Kasarda, Martin
Relationship trl
765 0# - ORIGINAL LANGUAGE ENTRY
Title Quidditch through the ages
Main entry heading Rowling, Joanne Kathleen, 1965-
910 ## - USER-OPTION DATA (OCLC)
User-option data ukb
942 ## - ADDED ENTRY ELEMENTS (KOHA)
Source of classification or shelving scheme Dewey Decimal Classification
Koha item type Krásna literatúra pre deti
Suppress in OPAC No
949 ## - LOCAL PROCESSING INFORMATION (OCLC)
6 1800179863
a SL.D.43222
b PV.2893-2002
949 ## - LOCAL PROCESSING INFORMATION (OCLC)
6 1800179864
a SK.D.12922
b PV.2894-2002
s 6707:20060719
Holdings
Stav vyradenia Strata Poškodenie Spôsob nadobudnutia Domovská knižnica Aktuálna knižnica Dátum nadobudnutia Total checkouts Čiarový kód exemplára Date last seen Typ exemplára
      Dar Obecná knižnica Turčianska Štiavnička Obecná knižnica Turčianska Štiavnička 17.03.2026   4738000448 17.03.2026 Krásna literatúra pre deti
Projekt je podporený Slovenskou asociáciou knižníc
Prevádzkuje Turčianska knižnica Martin 2026